000 00429nam a2200181Ia 4500
003 0STCL
008 150530s9999 xx 000 0 und d
040 _aSTCL
_cSTCL
100 _aSrekandan Nair, C.N
245 _aLanka Lakshmi
250 _a1
260 _bSahitya Pravarthaka Co Operative Society ; Kottaya
_c1979
300 _a0
546 _aMalayalam
942 _2ddc
_cBK
999 _c48785
_d48785
005 20220125170751.0